=LDR 00000nam 2200000 4500 =001 INLIS000000000022090 =005 20130612120900 =008 ***********************************Ind** =035 ##$$0010-061300000022090 =041 ##$$a Ind =082 ##$$a 646.4 =090 ##$$a 646.4, Pus k =100 ##$$a Puspo, Goet =245 ##$$a Keneja koko tampil simpatik dengan keneja apik, Goet Poespo =260 ##$$a 2005 $b Yogyakarta =300 ##$$a 55 hlm, ilus, 28 cm =650 ##$$a Pakaian muslim-koko =850 ##$$a NBPNMAT